00626nam a22001817a 450000500170000001000150001702000260003203500140005803700130007208200130008510000270009824501420012526000400026727000450030730000240035250000500037670000180042620161130130902.0 aENG-116716 a9788184845389c650.00 aEN-100248 bDBAD/PUB a385.0683 aArputharaj, A. Nilasco aPerformance appraisal system :cby A. Nilasco Arputharaj [and] P.C. Sekar ; foreword by Suresh Prabhuba case study of southern Railway / aNew DelhibRegal Publicationsc2016 aF-159, Rajouri GardenbNew Delhie110027 axii,144p.c23cm(Hb) aIncludes bibliographical references and index aSuresh Prabhu